American cutting edge : Workbook CDs

Uloženo v:
Podrobná bibliografie
Hlavní autor: Moor, Peter
Médium: Kniha
Jazyk:Undetermined
Vydáno: Hong Kong Longman Asia ELT 2004
Témata:
Tagy: Přidat tag
Žádné tagy, Buďte první, kdo otaguje tento záznam!
Thư viện lưu trữ: Trung tâm Học liệu Trường Đại học Cần Thơ
LEADER 00625nam a2200217Ia 4500
001 CTU_74544
008 210402s9999 xx 000 0 und d
020 |c 263000 
082 |a 428.64 
082 |b M819/Le.1-CD.1 
100 |a Moor, Peter 
245 0 |a American cutting edge : 
245 0 |b Workbook CDs 
245 0 |c Peter Moor, Chiris Redston 
260 |a Hong Kong 
260 |b Longman Asia ELT 
260 |c 2004 
650 |a English language,English language 
650 |x Study guides,Exercise,Textbooks for foreign speakers 
904 |i Mai Loan 
980 |a Trung tâm Học liệu Trường Đại học Cần Thơ